Gestin̤ ambiental y planificacin̤ del desarrollo

Bibliographic Details
Main Author: Avellaneda Cusara̕, Alfonso
Format: eBook
Language:Spanish
Published: Bogot:̀ ECOE, 2013
Edition:Tercera edicin̤
Subjects:
Online Access:Acceso restringido

MARC

LEADER 00000nam a22000007a 4500
005 2022021406026.0
007 cr|||| ||||
008 220214s2013 co |||||s|||| 00||0 spa d
020 |a 9789587712063 
035 |a 35869 
040 |a vLex 
090 |c 12979  |d 12979 
100 1 |a Avellaneda Cusara̕, Alfonso 
245 1 0 |a Gestin̤ ambiental y planificacin̤ del desarrollo  |h [Recurso electrn̤ico] /  |c Alfonso Avellaneda Cusara̕ 
250 |a Tercera edicin̤ 
256 |a Servicio en ln̕ea 
260 |a Bogot:̀  |b ECOE,  |c 2013 
300 |a 1 recurso electrn̤ico 
506 1 |a Disponible solo en los productos indicados  |d vLex Global  |d vLex Global (Academic Edition, excluding Law Schools)  |d vLex Global (U.S. Academic Edition, Law Schools)  |d vLex Global (U.S. Academic Edition, excluding Law Schools)  |d vLex Global (Academic Edition, Law Schools) 
650 0 4 |a Derecho del Medio Ambiente  |z Colombia 
740 0 |a vLex Libros (Servicio en ln̕ea) 
856 4 0 |u https://app.vlex.com/#/sources/35869  |z Acceso restringido 
942 |c BOOK 
999 0 |a Environmental Law